| 000 | 00519nam a2200157 i 4500 | ||
|---|---|---|---|
| 001 | 56268 | ||
| 003 | ES-MaACL | ||
| 007 | t| | ||
| 008 | 031007s1984 mx ||||1| spa d | ||
| 020 | _a0-07-00700-1 | ||
| 245 | 0 | 0 |
_aDiccionario enciclopédico de las ciencias médicas / _c[traducido de la cuarta edción en inglés de "Blakiston's Gould Medical Dictionary"]. |
| 250 | _a1ª ed. en español. | ||
| 260 |
_aMéxico : _bMcGraw-Hill, _c1984. |
||
| 300 |
_aXX, 1672 p. ; _c26 cm. |
||
| 852 |
_aES-MaACL _jL-9200 _bR.111313 |
||
| 999 |
_c56268 _d56268 |
||